Banner

La participación política en Colombia 1991-2017 : (Record no. 1643)

MARC details
000 -LEADER
campo de control de longitud fija 02060 a2200313 4500
003 - IDENTIFICADOR DE NÚMERO DE CONTROL
campo de control CoMeUDC
005 - FECHA Y HORA DE LA ÚLTIMA TRANSACCIÓN
campo de control 20230214193540.0
008 - DATOS DE LONGITUD FIJA--INFORMACIÓN GENERAL
campo de control de longitud fija 180801s2017 ck ||||| |||| 00| 0 spa d
020 ## - NÚMERO INTERNACIONAL ESTÁNDAR DEL LIBRO
Número Internacional Estándar del Libro 9789584830111
040 ## - FUENTE DE CATALOGACIÓN
Centro catalogador/agencia de origen CO-BoUCM
Lengua de catalogación spa
Centro/agencia transcriptor CO-UdeC
041 0# - CÓDIGO DE IDIOMA
Código de lengua del texto/banda sonora o título independiente spa
082 04 - NÚMERO DE LA CLASIFICACIÓN DECIMAL DEWEY
Número de clasificación 324
Número de ítem E74
100 10 - ENTRADA PRINCIPAL--NOMBRE DE PERSONA
Nombre de persona Escobar Martínez, Lina Marcela
9 (RLIN) 93203
245 13 - MENCIÓN DEL TÍTULO
Título La participación política en Colombia 1991-2017 :
Resto del título la transición democrática para construir la paz /
Mención de responsabilidad, etc. Lina Marcela Escobar Martínez.
260 ## - PUBLICACIÓN, DISTRIBUCIÓN, ETC.
Lugar de publicación, distribución, etc. Bogotá (Colombia) :
Nombre del editor, distribuidor, etc. Registraduría Nacional del Estado Civil,
-- Centro de Estudios en Democracia y Asuntos Electorales,
Fecha de publicación, distribución, etc. 2017.
300 ## - DESCRIPCIÓN FÍSICA
Extensión 247 p. ;
Dimensiones 24 cm.
504 ## - NOTA DE BIBLIOGRAFÍA, ETC.
Nota de bibliografía, etc. Nota Incluye referencia jurisprudencial
505 ## - NOTA DE CONTENIDO CON FORMATO
Nota de contenido con formato Capítulo I: precisiones metodológicas -- La participación política según el artículo N. 40 de la Constitución -- La participación como principio fundamental del Estado -- La participación política como deber -- Condiciones para el ejercicio de los derechos políticos -- Participación democrática -- Partidos y movimientos políticos -- Estatuto de la oposición -- Iniciativa popular legislativa -- Derogatoria de leyes por voto popular -- Sufragio y elecciones -- Participación ciudadana y función de control -- Análisis evolutivo de la jurisprudencia proferida por la Corte Constitucional Colombiana -- Capítulo II: La transición democrática para construir la paz -- Capítulo III: Implementación normativa del acuerdo de paz -- Precisiones metodológicas -- Actos legislativos -- Proyectos de actos legislativos en trámite -- Leyes -- Proyectos de ley -- Decretos ley -- Conclusiones
546 ## - NOTA DE IDIOMA
Nota de lengua/lenguaje Español.
650 #7 - PUNTO DE ACCESO ADICIONAL DE MATERIA--TÉRMINO DE MATERIA
Término de materia o nombre geográfico como elemento de entrada Participación política
Subdivisión geográfica Colombia
9 (RLIN) 27484
650 #7 - PUNTO DE ACCESO ADICIONAL DE MATERIA--TÉRMINO DE MATERIA
Término de materia o nombre geográfico como elemento de entrada Participación ciudadana
Subdivisión geográfica Colombia
9 (RLIN) 45599
650 #0 - PUNTO DE ACCESO ADICIONAL DE MATERIA--TÉRMINO DE MATERIA
Término de materia o nombre geográfico como elemento de entrada Acuerdos de paz
9 (RLIN) 2271
650 #7 - PUNTO DE ACCESO ADICIONAL DE MATERIA--TÉRMINO DE MATERIA
9 (RLIN) 20778
Término de materia o nombre geográfico como elemento de entrada Oposición política
650 #7 - PUNTO DE ACCESO ADICIONAL DE MATERIA--TÉRMINO DE MATERIA
9 (RLIN) 12892
Término de materia o nombre geográfico como elemento de entrada Derechos políticos
650 #7 - PUNTO DE ACCESO ADICIONAL DE MATERIA--TÉRMINO DE MATERIA
9 (RLIN) 8488
Término de materia o nombre geográfico como elemento de entrada Acuerdos de paz
650 #0 - PUNTO DE ACCESO ADICIONAL DE MATERIA--TÉRMINO DE MATERIA
9 (RLIN) 2270
Término de materia o nombre geográfico como elemento de entrada Construcción de la paz
650 #7 - PUNTO DE ACCESO ADICIONAL DE MATERIA--TÉRMINO DE MATERIA
9 (RLIN) 10814
Término de materia o nombre geográfico como elemento de entrada Ciencias políticas
942 ## - ELEMENTOS DE ENTRADA SECUNDARIOS (KOHA)
Tipo de ítem Koha Libros
Fuente del sistema de clasificación o colocación Clasificación Decimal Dewey
Holdings
Estatus retirado Estado de pérdida Fuente del sistema de clasificación o colocación Estado de daño No para préstamo Colección Biblioteca de origen Biblioteca actual Fecha de adquisición Fuente de adquisición Signatura topográfica completa Código de barras Visto por última vez Copia número Precio de reemplazo Tipo de ítem Koha
    Clasificación Decimal Dewey     Colección general U DE COLOMBIA - Biblioteca U DE COLOMBIA - Biblioteca 14/02/2023 donación 324 E74 100078 14/02/2023 1 14/02/2023 Libros


Biblioteca Académica Corporación Universitaria U DE COLOMBIA | Teléfono: +(57) (4) 2398080 ext. 1112 | E-mail: biblioteca@udecolombia.edu.co | Dirección: Calle 56 Nº 41 – 147 (Bolivia con Girardot)
Horario de atención: lunes a viernes 8:00 a.m. a 8:00 p.m. - sábados 8:00 a.m. a 4:00 p.m.
Implementado por Grupo EGS.

Powered by Koha